000 00448nam a2200181Ia 4500
008 151202s9999||||xx |||||||||||||| ||und||
082 _bPNVM-5691
100 _aCARR C. F.
245 _aHOW TO SPEAK IN PUBLIC.
260 _b"I.PITMAN & SONS, LONDON."
260 _c1930
300 _a115
600 _aCARR C. F.
630 _aHOW TO SPEAK IN PUBLIC.
700 _aCARR C. F.
730 _aHOW TO SPEAK IN PUBLIC.
942 _cBOOK
999 _c1271685
_d1271682